000 00973nam a2200241 i 4500
001 56761
003 ES-MaACL
005 20240506215623.0
007 t|
008 031013s1958 sp |||| |dspa d
080 _a929 Diego, José de
245 0 0 _aJosé de Diego, caballero del idioma y de la raza
_b: 1867-1918 : comentarios y biografía /
_c[recopilador y editor literario Modesto Gotay ; notas biográficas por Sebastián Dalmau y Canet].
250 _a1ª ed.
260 _aBarcelona :
_bRumbos,
_c1958.
300 _a124 p. ;
_c21 cm.
500 _aContiene: Reseña de la conferencias dada por José de Diego en el Ateneo de Madrid en mayo de 1926.
600 1 4 _aDiego, José de,
_d1867-1918
_944549
610 2 4 _aAteneo de Madrid-
_vConferencias-
_y1900-1939
_91907
700 1 _aGotay, Modesto.
_959279
700 1 _aDalmau y Canet, Sebastián.
_942527
852 _aES-MaACL
_jC-16270
_z.- Dedicatoria autógrafa de Modesto Gotay
999 _c56761
_d56761